000 00661nam a2200253Ia 4500
003 OSt
005 20220918164722.0
006 a|||||r|||| 00| 0
007 ta
008 220917b |||||||| |||| 00| 0 eng d
020 _a0715611097
024 _a29,024
037 _cTextual
040 _aARTS
_cARTS
_beng
041 _2eng
_aeng
082 _aO111,3:gx, M2
100 _aBatchelor John
_912515
245 0 _aEdwardian novelist
260 _aLonodn
_bDuckworth UK
_c1982
300 _aviii,251p. illus `
_ccm.
650 _aENGLISH LITERATURE
942 _hO111,3:gx, M2
_cTEXL
_2CC
999 _c126141
_d126141